000 01170nam a2200361 a 4500
001 77422
003 BD-RjUL
005 20211209082953.0
008 200908s2001 maua b 001 0 eng d
020 _a0205319157
035 _a(DNLM)100941942
040 _aDNLM/DLC
_cDLC
_dDLC
_dBD-RjUL
_beng
041 _aeng
042 _apcc
060 1 0 _aWA 525
_bM4785p 2000
082 0 0 _a613.068
_221
_bMCP 2001
100 1 _aMcKenzie, James F.,
_d1948-
_9241325
245 1 0 _aPlanning, implementing, and evaluating health promotion programs :
_ba primer /
_cJames F. McKenzie, Jan L. Smeltzer.
250 _a3rd ed.
260 _aBoston :
_bAllyn and Bacon,
_cc2001.
300 _axviii, 381 p. :
_bill. ;
_c24 cm.
504 _a"References": p. 354-370.
504 _aIncludes bibliographical references and indexes.
650 0 _aHealth promotion
_xPlanning.
_9241326
650 0 _aHealth promotion
_xEvaluation.
_9241327
650 1 2 _aHealth Promotion.
_9241328
650 2 2 _aHealth Education.
_9241329
650 2 2 _aHealth Planning.
_9241330
700 1 _aSmeltzer, Jan L.
_9241331
942 _2ddc
_cBK
999 _c77422
_d77422